Groups of Three - Clash Royale - Statistics

General Stats
  • This quiz has been taken 426 times
  • The average score is 31 of 54
Answer Stats
Group Name Answer % Correct
Dragons {Baby} Dragon
91%
Dragons {Electro} Dragon
90%
Dragons {Inferno} Dragon
88%
Cards that dig underground Miner
86%
4 Elixir Spells Fireball
82%
Rare Spells Fireball
82%
Cards that dig underground Goblin Drill
81%
4 Elixir Champions Mighty Miner
79%
Cards that dig underground Mighty Miner
79%
Spawner Buildings Goblin Hut
77%
Arenas with "Arena" in their name {Legendary} Arena
76%
Chests that take 24 hours to open {Legendary} Chest
76%
Card Types Troop
76%
Card Types Spell
75%
Spawner Buildings Barbarian Hut
74%
Card Types Building
74%
Highest HP Troops Golem
73%
4 Elixir Spells Poison
71%
4 Elixir Champions Golden Knight
69%
Ways to win a battle Three Crown
68%
Cards with a Range of 9 or more Princess
67%
Cards that spawn 6 troops Minion Horde
66%
Anti-Air Troops in Training Camp Archers
65%
Cards that spawn 6 troops Goblin Gang
65%
4 Elixir Champions Skeleton King
64%
Arenas with "Arena" in their name {Royal} Arena
63%
Highest HP Troops Giant
62%
4 Elixir Spells Freeze
61%
Anti-Air Troops in Training Camp Musketeer
61%
Spawner Buildings Furnace
60%
Cards that start with W Witch
60%
In-App Purchases Gems
58%
Cards that start with W Wizard
58%
Highest HP Troops Mega Knight
54%
Melee Range Classifications Long
49%
Anti-Air Troops in Training Camp Minions
49%
Melee Range Classifications Short
49%
Melee Range Classifications Medium
48%
Cards with a Range of 9 or more X-Bow
48%
Cards with a Range of 9 or more Mortar
47%
Rare Spells Earthquake
43%
Splash damage cards that can't hit air Bomber
40%
Chests that take 24 hours to open {Mega Lightning} Chest
38%
Rare Spells Rocket
37%
In-App Purchases Pass Royale
33%
In-App Purchases Coins
32%
Ways to win a battle Tiebreaker
31%
Cards that spawn 6 troops Royal Recruits
28%
Cards that start with W Wall Breakers
22%
Arenas with "Arena" in their name {Jungle} Arena
20%
Splash damage cards that can't hit air Sparky
18%
Splash damage cards that can't hit air Bomb Tower
17%
Chests that take 24 hours to open {Royal Wild} Chest
13%
Ways to win a battle More Crowns
8%
No matching quizzes found
Score Distribution
Percent of People with Each Score
Percentile by Number Answered
Your Score History
You have not taken this quiz